=LDR 00000nam 2200000 4500 =001 INLIS000000000023790 =005 20130612122423 =008 ***********************************Ind** =035 ##$$0010-061300000023790 =041 ##$$a Ind =082 ##$$a 649 =090 ##$$a 649, Ham i =100 ##$$a Hamivah, Abu =245 ##$$a Ibu dan anak, Penjagaan dan pendidikan, Abu Hamipah =260 ##$$a 1986 $b Jakarta =300 ##$$a 228 hlm, ilus, 21 cm =650 ##$$a Ibu dan anak - perawatan kesehatan =850 ##$$a NBPNMAT